书目信息 |
| 题名: |
成本会计习题与解答
|
|
| 作者: | 鲁亮升 主编 | |
| 分册: | ||
| 出版信息: | 大连 东北财经大学出版社 2001 |
|
| 页数: | 171页 | |
| 开本: | 23cm | |
| 丛书名: | ||
| 单 册: | ||
| 中图分类: | F234.2-44 | |
| 科图分类: | ||
| 主题词: | 成本计算--解题--高等学校--教材 | |
| 电子资源: | ||
| ISBN: | 7-81044-915-X | |
| 000 | 00711nam0 2200229 45 | |
| 001 | 0195000573 | |
| 005 | 20070727161354.51 | |
| 010 | @a7-81044-915-X@dCNY15.00 | |
| 100 | @a19931215d2001 em y0chiy0121 ea | |
| 101 | 0 | @achi |
| 102 | @aCN@b210000 | |
| 105 | @ay z 000yy | |
| 200 | 10 | @a成本会计习题与解答@ACHENG BEN KUAI JI XI TI YU JIE DA@f鲁亮升主编@Flu liang sheng zhu bian |
| 210 | @a大连@c东北财经大学出版社@d2001 | |
| 215 | @a171页@d23cm | |
| 300 | @a21世纪高职高专会计专业 | |
| 540 | 1 | @a成本 会计@ACHENG BEN KUAI JI |
| 606 | @a成本计算@x解题@x高等学校@x教材 | |
| 690 | @aF234.2-44@v4 | |
| 701 | 0 | @a鲁亮升@Alu liang sheng@4主编 |
| 801 | 0 | @aCN@bTSSF@c20070727 |
| 905 | @a10447@dF234.2-44@e311 | |
| 成本会计习题与解答/鲁亮升主编.-大连:东北财经大学出版社,2001 |
| 171页;23cm |
| 21世纪高职高专会计专业 |
| ISBN 7-81044-915-X:CNY15.00 |
| ● |
| 相关链接 |
|
|
|
|
正题名:成本会计习题与解答
索取号:F234.2-44/311
 
预约/预借
| 序号 | 登录号 | 条形码 | 馆藏地/架位号 | 状态 | 备注 |
| 1 | 0788870 | 207888703 | 第一借阅区/ [索取号:F234.2-44/311] | 在馆 | |
| 2 | 0788871 | 207888712 | 第一借阅区/ [索取号:F234.2-44/311] | 在馆 | |
| 3 | 0788872 | 207888721 | 第一借阅区/ [索取号:F234.2-44/311] | 在馆 |